Представление документа в формате RUSMARC

ПолеНазваниеЗначение
  Тип записи a
  Библиографический уровень m
001 Контрольный номер RU/IS/BASE/543415941
005 Дата корректировки 20201206205042.0
010 Индекс ISBN __
a ISBN (в пер.)
d Цена 800-00
100 Данные общей обработки __
a Данные общей обработки 19170321d2013||||||| 0rusy0189 ca
101 Язык документа 1_
a Язык текста eng
a Язык текста fre
a Язык текста rus
102 Страна публикации __
a Страна публикации ru
105 Кодированные данные (монография) __
a Кодированные данные (монография) aoс|#|||000zy
200 Заглавие и сведения об ответственности 1_
a Заглавие Пакт Рериха. История и современность
e Сведения, относящиеся к заглавию каталог выставки
f Первые сведения об ответственности Мастер-Банк ; [вступительное слово: К.-Ж. К. Токаев, А. Н. Бородавкин ; авторы статей: Марга Куцарова, Ким Смирнов, Людмила Шапошникова]
b Общее обозначение материала Текст
200 Заглавие и сведения об ответственности __
d Параллельное заглавие The Roerich Pact. History and modernity
200 Заглавие и сведения об ответственности __
d Параллельное заглавие Le Pacte Roerich. L'Histoire et l'actualite
210 Выходные данные __
a Место издания Москва
c Издательство Международный Центр Рерихов
d Дата издания 2013
215 Физическое описание __
a Объем 235 с.
c Иллюстрации/тип воспроизводства ил., фот., портр.
d Формат 29 см
300 Общие примечания __
a Общие примечания Тираж не указан
300 Общие примечания __
a Общие примечания Текст парал. англ., фр., рус.
600 Персоналии __
a Персоналии (Фамилия) Рерих, Н. К.
f Даты 1874-1947
g Полное имя Николай Константинович
601 Наименование организации как предмет __
a Наименование организации как предмет Международный Центр Рерихов
601 Наименование организации как предмет __
a Наименование организации как предмет Пакт Рериха. История и современность, выставка
605 Заглавие как предмет __
a Заглавие Пакт Рериха /международный договор/
606 Тематические рубрики __
a Основная рубрика Изобразительное искусство и архитектура
606 Тематические рубрики __
a Основная рубрика Изобразительное искусство в целом
610 Ключевые слова __
a Ключевые слова выставки
a Ключевые слова исторические памятники
a Ключевые слова культурные ценности
a Ключевые слова международные договоры
a Ключевые слова музейные выставки
a Ключевые слова музейные коллекции
a Ключевые слова мыслители
a Ключевые слова персоналии
a Ключевые слова художественное творчество
a Ключевые слова художественные музеи
a Ключевые слова художники
686 Индексы других классификаций __
2 Код системы rubbks
a Классификационный индекс 85.101.3(2)-2
702 Вторичная интеллектуальная ответственность _1
a Фамилия Токаев
b Имя К.-Ж. К.
4 Код отношения Автор предисловия и т.д.
4 Код отношения 080
702 Вторичная интеллектуальная ответственность _1
a Фамилия Бородакин
b Имя А. Н.
4 Код отношения Автор предисловия и т.д.
4 Код отношения 080
702 Вторичная интеллектуальная ответственность _1
a Фамилия Куцарова
b Имя М.
4 Код отношения Автор
4 Код отношения 070
702 Вторичная интеллектуальная ответственность _1
a Фамилия Смирнов
b Имя К.
4 Код отношения Автор
4 Код отношения 070
702 Вторичная интеллектуальная ответственность _1
a Фамилия Шапошникова
b Имя Л.
4 Код отношения Автор
4 Код отношения 070
711 Наименование организации. (Альтернативная ответственность) __
a Организация/ юрисдикция Мастер-Банк
711 Наименование организации. (Альтернативная ответственность) __
a Организация/ юрисдикция Пакт Рериха. История и современность, выставка
801 Источник записи _0
a Страна ru
b Организация Муниципальное бюджетное учреждение культуры "Централизованная библиотечная система" г. Сургут (Центральная городская библиотека им. А. С. Пушкина)
c Дата составления 20170321
g Правила каталогизации КиК/Лукашук
801 Источник записи _1
a Страна ru
b Организация Муниципальное бюджетное учреждение культуры "Централизованная библиотечная система" г. Сургут (Центральная городская библиотека им. А. С. Пушкина)
c Дата составления 20170321
g Правила каталогизации КиК/Лукашук
852 Данные о местонахождении __
j Шифр хранения 85.101.3(2)-2
i Авторский знак П 13
901 Тип документа __
t Тип документа m
903 Характеристики (МАРС) __
a Дата передачи 20170321
969 Тип издания __
a Тип издания каталог
990 Данные о заказе (DOS) __
j Количество экземпляров (DOS) 1
t N записи в КСУ для И/У (DOS) 201703